| 000 | 00575nam a2200205 a 4500 | ||
|---|---|---|---|
| 005 | 20240911064359.0 | ||
| 008 | 991125s19921997mx 000 0 spa u | ||
| 020 | _a9686640398 | ||
| 020 | _a8434444674 (Barcelona,2005) | ||
| 035 | _aUPN01000045501 | ||
| 049 | _aCG | ||
| 050 | 4 |
_aJA71 _bS2.5 |
|
| 100 | 1 |
_aSavater, Fernando, _d1947- |
|
| 245 | 1 | 0 |
_aPolítica para Amador / _cFernando Savater. |
| 260 |
_aMéxico ; _aBarcelona, Esp. : _bAriel, _c1992 (1997 impr.). |
||
| 300 | _a237 p. | ||
| 440 | 0 |
_aAriel ; _v112 |
|
| 650 | 4 |
_aCiencias políticas _96023 |
|
| 905 | _aLibro | ||
| 999 |
_c45501 _d45501 |
||